LEADER 01570nam a2200337 u 4500 001 000000029476 003 CaOOAMICUS 005 20070226111924.0 008 970317s1992 be u000 u dut u 020 $a9061865050 (Leuven University Press) 020 $a9068314270 (Uitgeverij Peeters) 035 $a10756001 040 $aBAV$bita$dIAR 245 04$aHet christendom en de conquista :$b1492-1992 /$cuitgegeven door V. Neckebrouck, F. Gistelinck en C. Cornille. 260 $aLeuven :$bUniversity Press :$bUitgeverij Peters,$c1992. 300 $a208 p. ;$c24 cm 490 1 $aAnnua nuntia Lovaniensia ;$v35 504 $aComprende indicazioni bibliografiche. 650 4$aEvangelizzazione$xStoria$zAmerica Latina.$0(OLS)http://pul/subject/16914 700 1 $aNeckebrouck, Valeer.$0(OLS)http://pul/name/23823 700 1 $aCornille, C.$0(OLS)http://pul/name/23825 700 1 $aGistelinck, F.$0(OLS)http://pul/name/23824 830 0$aAnnua nuntia Lovaniensia ;$v35.$0(OLS)http://pul/title/9698 850 $aPUL 852 $aPUL$W1$xSL Religione 1$y3$m17 B 35$j40845$nBK-PRI$b $qStampati$B40845$CPULBib$Z2$F40845 $H $81 941 1 $a8 961 $aINV: 87766 996 $6020$a9061865050 (Leuven University Press)$9(OLS)http://pul/number/36870 996 $6020$a9068314270 (Uitgeverij Peeters)$9(OLS)http://pul/number/36871 996 $6245$aHet christendom en de conquista :$b1492-1992$9(OLS)http://pul/title/40354 996 $6260$aLeuven :$bUniversity Press :$bUitgeverij Peters$9(OLS)http://pul/publisher/52547 LEADER 01314nam a2200301 a 4500 001 000000174148 003 CaOOAMICUS 005 20210118150232.0 008 210118s2020 fr u000 u fre r 020 $a978-2-204-14120-8 * 032 $aLibriCat 040 $aPUL$bita 100 1 $aGougaud, Emmanuel.$0(OLS)http://pul/name/111885 245 00$aChrétiens virtuels : $bl'universalité de l'Évangile selon Karl Barth / $cEmmanuel Gougaud. 260 $aParis :$bLes Éditions du Cerf,$c©2020. 300 $a381 p. ;$c20 cm 490 1 $aTheologicum 600 14$aBarth, Karl,$d1886-1968$xTeologia.$0(OLS)http://pul/subject/24137 650 4$aTeologia$ySec. XX.$0(OLS)http://pul/subject/1844 700 1 $aInstitut catholique de Paris.$bFaculté de thèologie Theologicum.$kTesi.$0(OLS)http://pul/name/110966 830 0$aTheologicum.$0(OLS)http://pul/title/164313 850 $aPUL 852 $aPUL$W1$xDP1 Tesi Varie$y51$m2020 B 2$j197618$qTesi$B203033$CPULBib$Z2$F203033 $82 941 1 $a16 996 $6020$a978-2-204-14120-8 *$9(OLS)http://pul/number/167953 996 $6245$aChrétiens virtuels : $bl'universalité de l'Évangile selon Karl Barth / $9(OLS)http://pul/title/215375 996 $6260$aParis :$bLes Éditions du Cerf$9(OLS)http://pul/publisher/47861